Normal view
MARC view
- Austin, Richard L
Entry Personal Name
001 - CONTROL NUMBER
- control field: 107274
003 - CONTROL NUMBER IDENTIFIER
- control field: NUST
005 - DATE AND TIME OF LATEST TRANSACTION
- control field: 20230120165758.0
008 - FIXED-LENGTH DATA ELEMENTS
- fixed length control field: 230120|| aca||aabn | a|a d
040 ## - CATALOGING SOURCE
- Original cataloging agency: NUST
- Transcribing agency: NUST
100 ## - HEADING--PERSONAL NAME
- Personal name: Austin, Richard L
670 ## - SOURCE DATA FOUND
- Source citation: Work cat.: (NUST)186332: Austin, Richard L., Designing the natural landscape /, c1984.
